Soaps, detergents and disinfectants technology handbook / (Record no. 29065)

MARC details
000 -LEADER
fixed length control field 00816nam a2200205 a 4500
005 - DATE AND TIME OF LATEST TRANSACTION
control field 20090810123128.0
008 - FIXED-LENGTH DATA ELEMENTS--GENERAL INFORMATION
fixed length control field 780322s1829 mau j 000 1 eng
010 ## - LCCN (DPL NO)
LC control number ENG-94698
020 ## - INTERNATIONAL STANDARD BOOK NUMBER
International Standard Book Number 9788190568517
Terms of availability 1275.00
035 ## - SYSTEM CONTROL NUMBER
System control number EN-78231
037 ## - SOURCE OF ACQUISITION
Source of stock number/acquisition DBAD / PUB
040 ## - CATALOGING SOURCE
Original cataloging agency dpl
Language of cataloging English
082 ## - DEWEY DECIMAL CLASSIFICATION NUMBER
Classification number 668.1
245 ## - TITLE STATEMENT
Title Soaps, detergents and disinfectants technology handbook /
Statement of responsibility, etc by NPCS Board of Consultants & Engineers
260 ## - PUBLICATION, DISTRIBUTION, ETC. (IMPRINT)
Place of publication, distribution, etc Delhi
Name of publisher, distributor, etc NIIR Project Consultancy Services
Date of publication, distribution, etc (200?)
270 ## - ADDRESS
Address 106-E, Kamla Nagar,
City Delhi
Postal code 110007
300 ## - PHYSICAL DESCRIPTION
Extent xv, 664p.
Dimensions 23cm(pbk)
942 ## - ADDED ENTRY ELEMENTS (KOHA)
Source of classification or shelving scheme Dewey Decimal Classification
Item type English Books
Call number suffix SOA
Classification part 668.1
Holdings
Withdrawn status Lost status Source of classification or shelving scheme Damaged status Not for loan Collection code Home library Current library Date acquired Source of acquisition Cost, normal purchase price Total Checkouts Full call number Barcode Date last seen Copy number Cost, replacement price Koha item type
    Dewey Decimal Classification   Not For Loan Non-fiction D.B.Act.Division D.B.Act.Division 10/08/2009 DBAD / PUB 1275.00   668.1 SOA EN-78231 10/08/2009 1 1275.00 English Books

© Delhi Public Library
Hit Counter
free hit counter